| 000 | 01278aaa a2200313 a 4500 | ||
|---|---|---|---|
| 999 |
_c323597 _d323597 |
||
| 003 | BLK | ||
| 005 | 20250207163802.0 | ||
| 008 | 180803b bula|||ar|||| 00| 0 bul d | ||
| 020 | _a9786191864041 | ||
| 040 | _aBLK | ||
| 041 |
_aBUL _cBUL |
||
| 072 |
_9178281 _aН85 _xДетска художествена литература Н |
||
| 080 |
_aАнглийска литература _b821.111 _z821.111-93-34 _x-93-34 |
||
| 100 |
_aМаккий, Дейвид _eпърви автор _91299 |
||
| 139 |
_aМаккий, Дейвид _bМ 19 |
||
| 245 |
_aЕлмър и дъгата _cТекст и ил. Дейвид Маккий; прев. Манол Пейков |
||
| 257 | _aGBR | ||
| 260 |
_b"Жанет 45" _c2018 _aПловдив |
||
| 300 |
_a32 с. _c28 см _bс цв. ил |
||
| 380 | _aDX | ||
| 500 | _aОриг. загл., установено от доп. източник: Elmer and the rainbow / David McKee Част от загл. на поредица Елмър | ||
| 700 |
_9382564 _aПейков, Манол Костадинов _eпрев. от англ. |
||
| 852 | _aЦб ІІ 23186 | ||
| 942 |
_cKNG _2udc _n0 _063 _s1 |
||
| 944 |
_aED _c2018-12-12 _k30537 _lГрета Цуфелде |
||
| 999 | _d323597 | ||
| 999 | _d323597 | ||
| 999 | _d323597 | ||